|
|
|
|
| LEADER |
01278nta a2200253 i 4500 |
| 001 |
dokt10495 |
| 005 |
20211104144324.0 |
| 008 |
200505s2020 hu om 0|| eng d |
| 024 |
7 |
|
|a 10.14232/phd.10495
|2 doi
|
| 024 |
7 |
|
|a 31391274
|2 mtmt
|
| 040 |
|
|
|a SZTE Doktori Repozitórium
|b hun
|
| 041 |
|
|
|a eng
|
| 100 |
1 |
|
|a Kárpáti Krisztina
|
| 245 |
1 |
0 |
|a Interaction between oral diseases and other health-related factors
|h [elektronikus dokumentum] /
|c Kárpáti Krisztina
|
| 246 |
1 |
0 |
|a Szájüregi betegségek és az általános egészségügyi állapotot befolyásoló faktorok közötti összefüggések
|h [elektronikus dokumentum]
|
| 260 |
|
|
|c 2020-05-18
|
| 502 |
|
|
|a Disszertacio
|
| 650 |
|
4 |
|a klinikai orvostudományok
|
| 650 |
|
4 |
|a Klinikai orvostan
|
| 700 |
0 |
1 |
|a Radnai Márta
|e ths
|
| 700 |
0 |
1 |
|a Rakonczay Zoltán
|e ths
|
| 856 |
4 |
0 |
|u https://doktori.bibl.u-szeged.hu/id/eprint/10495/1/K%C3%A1rp%C3%A1ti%20Krisztina%20disszert%C3%A1ci%C3%B3%20V%C3%89GLEGES%20with%20articles.pdf
|z Dokumentum-elérés
|
| 856 |
4 |
0 |
|u https://doktori.bibl.u-szeged.hu/id/eprint/10495/2/K%C3%A1rp%C3%A1ti_PhD_thesis_booklet-finalENG03.30.pdf
|z Dokumentum-elérés
|
| 856 |
4 |
0 |
|u https://doktori.bibl.u-szeged.hu/id/eprint/10495/3/K%C3%A1rp%C3%A1ti_PhD_thesis_booklet-finalHUN03.30.pdf
|z Dokumentum-elérés
|